The Great Indian School Bazaar Travels Through the World of Education (Record no. 10512)

MARC details
000 -LEADER
fixed length control field 00447nam a22001697a 4500
003 - CONTROL NUMBER IDENTIFIER
control field OSt
008 - FIXED-LENGTH DATA ELEMENTS--GENERAL INFORMATION
fixed length control field 210223b ||||| |||| 00| 0 eng d
020 ## - INTERNATIONAL STANDARD BOOK NUMBER
International Standard Book Number 9789353043599
082 ## - DEWEY DECIMAL CLASSIFICATION NUMBER
Classification number 370.954
Item number LAG
100 ## - MAIN ENTRY--PERSONAL NAME
Personal name LAHIRI, Dev
245 ## - TITLE STATEMENT
Title The Great Indian School Bazaar Travels Through the World of Education
250 ## - EDITION STATEMENT
Edition statement 1st Imp.
260 ## - PUBLICATION, DISTRIBUTION, ETC. (IMPRINT)
Place of publication, distribution, etc New Delhi
Name of publisher, distributor, etc Rupa Publication
Date of publication, distribution, etc 2018
300 ## - PHYSICAL DESCRIPTION
Extent 147
650 ## - SUBJECT ADDED ENTRY--TOPICAL TERM
Topical term or geographic name as entry element General Books
942 ## - ADDED ENTRY ELEMENTS (KOHA)
Source of classification or shelving scheme Dewey Decimal Classification
Koha item type Text Books
Holdings
Withdrawn status Lost status Source of classification or shelving scheme Damaged status Not for loan Collection code Home library Current library Date acquired Source of acquisition Currency Cost, normal purchase price Bill Number Total Checkouts Full call number Acc. no. / Barcode Date last seen Date last borrowed Actual Cost, discounted price Bill Date Koha item type Public note Checked out
    Dewey Decimal Classification     GENERAL PIET C-LIBRARY PIET C-LIBRARY 08/02/2021 Kirti Prakashan Indian Rup 195.00 IN1508 5 370.954 LAG 32516 28/07/2023 26/07/2023 130.65 06/02/2021 Text Books History and Culture  
    Dewey Decimal Classification     GENERAL PIET C-LIBRARY PIET C-LIBRARY 08/02/2021 Kirti Prakashan Indian Rup 195.00 IN1508 1   32517 23/03/2021 23/03/2021 130.65 06/02/2021 Text Books   06/04/2021
    Dewey Decimal Classification     GENERAL PIET C-LIBRARY PIET C-LIBRARY 08/02/2021 Kirti Prakashan Indian Rup 195.00 IN1508 2   32518 13/01/2024 13/01/2024 130.65 06/02/2021 Text Books . 11/07/2024
    Dewey Decimal Classification     GENERAL PIET C-LIBRARY PIET C-LIBRARY 08/02/2021 Kirti Prakashan Indian Rup 195.00 IN1508 2   32519 13/01/2024 13/01/2024 130.65 06/02/2021 Text Books . 11/07/2024

Design & Developed by: PIET Central Library
R70 Miles Stone Pattikalyana Samalkha Panipat 132102
mail ID :- [email protected], Phone No:- 0180-2569700 Ex.216